| 000 | 00596nam a2200193 i 4500 | ||
|---|---|---|---|
| 001 | 101825 | ||
| 003 | ES-MaACL | ||
| 005 | 20230906183004.0 | ||
| 007 | t| | ||
| 008 | 051026s1967 sp ||||1| spa d | ||
| 100 | 1 |
_aMenchaca, Antonio. _980080 |
|
| 245 | 1 | 3 |
_aLa URSS, hoy / _cAntonio Menchaca. |
| 260 |
_aMadrid : _bCuadernos para el Diálogo, _c1967. |
||
| 300 |
_a159 p. ; _c20 cm. |
||
| 651 | 4 |
_aURSS- _xSituación social- _y1945-1989. _9144379 |
|
| 651 | 4 |
_aURSS- _xSituación económica- _y1945-1989. _9144380 |
|
| 710 | 2 |
_aCuadernos para el Diálogo. _93333 |
|
| 852 |
_aES-MaACL _jC-32112 |
||
| 999 |
_c101825 _d101825 |
||